000 00682nam a2200265Ia 4500
003 OSt
005 20221006153342.0
006 a|||||r|||| 00| 0
007 ta
008 221006b |||||||| |||| 00| 0 jpn d
020 _c¥1000
024 _a32,089
037 _bGift, Mr. Takatsugu Hayashi
_cTextual
040 _aEASL
_cEASL
_bjpn
041 _2jpn
_ajpn
082 _az42, M2
100 _aMIYAMOTO Teru
_9661848
245 0 _aKinshu
260 _aTokyo
_bShinchosha Japan
_c1982
300 _a210p.
_ccm.
490 _v JL
650 _aJL
942 _hz42, M2
_cTEXL
_2CC
999 _c1100175
_d1100175